Music Quiz

Random Music or Album Quiz

Beck Albums Quiz Stats

 Plays Quiz Updated Mar 3, 2020

     
Support Sporcle.
Go Orange.
Score 0/11 Timer 03:00
0 Plays Today
Year Album % Correct
1996Odelay
91.1%
2005Guero
74.2%
2002Sea Change
70.9%
1994Mellow Gold
69.4%
1999Midnite Vultures
61.3%
2017Colors
56.3%
2006The Information
55.4%
2014Morning Phase
52.6%
1998Mutations
52.1%
2008Modern Guilt
47.6%
2019Hyperspace
42.2%

From the Vault

What's For Breakfast?

by triplet_3

You know those restaurants that serve breakfast all day? They're the best.
Remove Ads.
Support Sporcle.
Get the best of Sporcle when you Go Orange. This ad-free experience offers more features, more stats, and more fun while also helping to support Sporcle. Thank you for becoming a member.

Show Comments

Extras

Top Quizzes Today


Score Distribution

Your Account Isn't Verified!

In order to create a playlist on Sporcle, you need to verify the email address you used during registration. Go to your Sporcle Settings to finish the process.

Report this User

Report this user for behavior that violates our Community Guidelines.

Details: